| 000 | 01240nam a22002177a 4500 | ||
|---|---|---|---|
| 999 |
_c58240 _d58240 |
||
| 003 | Ge_BSU | ||
| 005 | 20210929103941.0 | ||
| 008 | 210929s2020 ge ||||| |||| 00| 0 geo d | ||
| 020 | _a9789941488245 | ||
| 041 | _ageo | ||
| 080 | _a929(092)+378.4(479.223)(092) ნ-63 | ||
| 245 |
_aნიკო ბერძენიშვილის ინსტიტუტის მეცნიერ-თანამშრომელთა ხსოვნის წიგნი: _b[წიგნი-ალბომი] / _cავტორ-შემდგ. უჩა ოქროპირიძე; რედ. როინ მალაყმაძე. |
||
| 264 |
_aბათუმი : _bბსუ, _c2020. |
||
| 300 |
_a46 გვ. _b20 სმ. |
||
| 653 | _aწიგნი -ალბომი | ||
| 653 | _aნიკო ბერძენიშვილის ინსტიტუტის მეცნიერ-თანამშრომელთა ხსოვნის წიგნი | ||
| 700 |
_aოქროპირიძე, უჩა _eავტორ-შემდგენელი _91875 |
||
| 700 |
_aმალაყმაძე, როინ _eრედაქტორი _94544 |
||
| 710 |
_aბსუ _912569 |
||
| 942 |
_2udc _cBK |
||